00508 2200193 4500001002100000005001500021008004100036020002200077035001900099041000700118082001700125090001700142100002000159245004500179250000600224260004000230300002300270650002100293INLIS00000000001784720241224115405241224||||||||| | ||| |||| || |  a978-979-27-3751-6 0010-1224017847 aid0 a338.04 PEN p a338.04 PEN p0 aPeni R. Pramono00aPebisnis Bermartabat Bukan Perusak Hutan a1 aJakartabElex Media Koputindoc2008 ax, 132 hlm.; 21 cm 0aIlmu-ilmu Sosial